<?xml version="1.0" encoding="UTF-8"?>
<record
    xmlns:xsi="http://www.w3.org/2001/XMLSchema-instance"
    xsi:schemaLocation="http://www.loc.gov/MARC21/slim http://www.loc.gov/standards/marcxml/schema/MARC21slim.xsd"
    xmlns="http://www.loc.gov/MARC21/slim">

  <leader>01602nam a22002657a 4500</leader>
  <controlfield tag="005">20260213113121.0</controlfield>
  <controlfield tag="008">260213b        |||||||| |||| 00| 0 eng d</controlfield>
  <datafield tag="020" ind1=" " ind2=" ">
    <subfield code="a">9798893632057</subfield>
  </datafield>
  <datafield tag="040" ind1=" " ind2=" ">
    <subfield code="c">AL</subfield>
  </datafield>
  <datafield tag="041" ind1=" " ind2=" ">
    <subfield code="a">eng</subfield>
  </datafield>
  <datafield tag="082" ind1=" " ind2=" ">
    <subfield code="a">428</subfield>
    <subfield code="b">BHAT</subfield>
  </datafield>
  <datafield tag="100" ind1=" " ind2=" ">
    <subfield code="a">Preeti Bhargav and others</subfield>
    <subfield code="9">254687</subfield>
  </datafield>
  <datafield tag="245" ind1=" " ind2=" ">
    <subfield code="a">Text book of English and communication skills</subfield>
  </datafield>
  <datafield tag="260" ind1=" " ind2=" ">
    <subfield code="a">Chennai</subfield>
    <subfield code="b">Notion Press</subfield>
    <subfield code="c">2024</subfield>
  </datafield>
  <datafield tag="300" ind1=" " ind2=" ">
    <subfield code="a">138p</subfield>
    <subfield code="b">PB</subfield>
    <subfield code="c">28x21.5cm</subfield>
  </datafield>
  <datafield tag="365" ind1=" " ind2=" ">
    <subfield code="2">General</subfield>
    <subfield code="a">XIHG-305964</subfield>
    <subfield code="b">&#x20B9;282.00</subfield>
    <subfield code="c">&#x20B9;</subfield>
    <subfield code="d">&#x20B9;320.00</subfield>
    <subfield code="f">27-01-2026</subfield>
  </datafield>
  <datafield tag="520" ind1=" " ind2=" ">
    <subfield code="a">"Unlocking the Power of Words" is your passport to linguistic mastery. This transformative guide navigates the labyrinth of English and communication skills, illuminating grammar's nuances while delving into effective communication strategies. From demystifying punctuation to unraveling the psychology of language use, each chapter empowers readers with practical tips and real-world examples. Whether you'r a student, professional, or simply seeking clarity in expression, this book is your indispensable companion on the journey to articulate thoughts with confidence and finesse. Prepare for a transformative odyssey where every page unlocks new insights, propelling you towards success in personal and professional realms. With "Unlocking the Power of Words," the world of English and communication is yours to conquer.</subfield>
  </datafield>
  <datafield tag="650" ind1=" " ind2=" ">
    <subfield code="a">Grammar</subfield>
    <subfield code="9">254680</subfield>
  </datafield>
  <datafield tag="650" ind1=" " ind2=" ">
    <subfield code="a">Short Stories</subfield>
    <subfield code="9">254681</subfield>
  </datafield>
  <datafield tag="650" ind1=" " ind2=" ">
    <subfield code="a">Letter Writing</subfield>
    <subfield code="9">254682</subfield>
  </datafield>
  <datafield tag="650" ind1=" " ind2=" ">
    <subfield code="a">Writing Skills</subfield>
    <subfield code="9">254683</subfield>
  </datafield>
  <datafield tag="700" ind1=" " ind2=" ">
    <subfield code="a">Rathod, Heenaben</subfield>
    <subfield code="9">254684</subfield>
  </datafield>
  <datafield tag="700" ind1=" " ind2=" ">
    <subfield code="a">Thakkar, Akashkumar A</subfield>
    <subfield code="9">254685</subfield>
  </datafield>
  <datafield tag="942" ind1=" " ind2=" ">
    <subfield code="2">ddc</subfield>
    <subfield code="c">BK</subfield>
  </datafield>
  <datafield tag="999" ind1=" " ind2=" ">
    <subfield code="c">240895</subfield>
    <subfield code="d">240895</subfield>
  </datafield>
  <datafield tag="952" ind1=" " ind2=" ">
    <subfield code="0">0</subfield>
    <subfield code="1">0</subfield>
    <subfield code="2">ddc</subfield>
    <subfield code="4">0</subfield>
    <subfield code="7">0</subfield>
    <subfield code="8">GEN</subfield>
    <subfield code="a">SE</subfield>
    <subfield code="b">SE</subfield>
    <subfield code="d">2026-01-27</subfield>
    <subfield code="e">amazon.in</subfield>
    <subfield code="g">282.00</subfield>
    <subfield code="l">0</subfield>
    <subfield code="o">428 BHAT</subfield>
    <subfield code="p">SE000223</subfield>
    <subfield code="r">2026-02-13 11:24:15</subfield>
    <subfield code="v">320.00</subfield>
    <subfield code="w">2026-01-27</subfield>
    <subfield code="y">BK</subfield>
  </datafield>
</record>
